00535 2200205 4500001002100000005001500021035002000036007000300056008004100059020001800100082001000118084001600128100001900144245005600163250001000219260003000229300003200259650002400291990001400315INLIS00000000001231520220629085332 a0010-0622000825ta220629 g 0 ind  a979-533-733-5 a658.4 a658.4 DAV p0 aDavidson, Jeff1 aPenuntun 10 Menit Manajemen Proyek /cJeff Davidson aEd. 1 aYogyakarta :bANDI,c2002 aviii, 228 hlm ;c14 x 21 cm 4aManajemen Eksekutif a1464.4575